เปลี่ยนเป็นภาษาไทย

Change to English
 แสดงรายละเอียดบรรณานุกรม
  กลับหน้าหลัก

Brief Record : Get Marc (ISO 2709) : E-mail record : QR code ปิดหน้าต่าง
LEADER 00000nam 2200000uu 4500
001    17416
003     ULIBM
008    020711s2553 th a 000 0 tha d
020    978-616-7460-07-9
060    QT
100    อำไพ ชัยชลทรัพย์
245    15วิธีนวดยกกระชับ ลดวัย ด้วยตัวเอง
250    พิมพ์ครั้งที่ 1
260    กรุงเทพฯ :^bสำนักพิมพ์บีเวลล์ สปีเชียล,^c2553
300    160 หน้า
รายการนี้ยังไม่มีแท็ก
คุณยังไม่ได้ล็อกอิน คุณสามารถมีกิจกรรมร่วมกับเว็บไซต์ได้ แต่ต้องล็อกอินก่อน ::
  ล็อกอิน
ลำดับที่ ประเภท เลขเรียก/บาร์โค้ด สถานที่ สถานะ
1. หนังสือ
หนังสือ
QT 2553  
  Barcode: 0002771
หนังสือทั่วไป On Shelf
   [แสดง 1/1 รายการ]

BibComment


ยังไม่เคยถูกคอมเมนท์

คอมเมนท์ทรัพยากรรายการนี้
  คอมเมนท์: 15วิธีนวดยกกระชับ..
Bib 17416


 Union Library Management : ULibM
Copyright 2026. All Rights Reserved.